| 000 | 01906cam a22005054i 4500 | ||
|---|---|---|---|
| 003 | PE-LiUPU | ||
| 005 | 20250731165523.0 | ||
| 008 | 150623s r 000 0 d | ||
| 035 | _a(Sirsi) a28334 | ||
| 035 | _a(Sirsi) a28334 | ||
| 040 |
_aPE-LiUPU _bspa _cPE-LiUPU _erda |
||
| 082 | 0 | 4 |
_a221.008 _bAB _221 |
| 100 | 1 |
_aKeerankeri, George, _eautor. |
|
| 245 | 1 | 4 |
_aThe love Commandment in Mark : _bAn exegetico-Theological Study of Mk 12,28-34 / _cGeorge Keerankeri. |
| 264 | 1 |
_aRoma : _bPontificio Instituto Biblico, _c2003. |
|
| 300 |
_a278 páginas ; _c26 cm. |
||
| 336 |
_atext _2rdacontent |
||
| 337 |
_aunmediated _2rdamedia |
||
| 338 |
_avolume _2rdacarrier |
||
| 490 | 0 |
_aAnalecta Biblica ; _v150 |
|
| 504 | _aIncluye Bibliografia. | ||
| 505 | 0 | _aThe Commandment to love God: Deuteronomy 6,4-5. - The Commandment to love the Neighbor: Leviticus 19,18. - The love Commandment Pericope: Text in Context. - Love Commandment in the Passion of Jesús. | |
| 526 | _aSEG44 | ||
| 526 | _aSEG26 | ||
| 526 | _aP151 | ||
| 526 | _aP150 | ||
| 526 | _aP149 | ||
| 526 | _aP146 | ||
| 526 | _aP145 | ||
| 526 | _aP126 | ||
| 526 | _aP125 | ||
| 526 | _aP92 | ||
| 526 | _aP75 | ||
| 526 | _aP74 | ||
| 526 | _aP27 | ||
| 526 | _aP15 | ||
| 630 |
_aBiblia. _pN.T. _pMarcos _xCrítica, interpretación, etc. |
||
| 650 | 0 | 4 | _aAmor de Dios. |
| 942 |
_2ddc _cBOOK |
||
| 949 |
_aRC 221.008 AB _wDEWEY _c1 _i55042 _lRC _mBUL _r0 _sY _tBOOK _u2015-6-24 _xTEOLOGIA _PP35 _0COMPRA _o.CIRCNOTE. No olvidar cambiar la fecha de devolución!!!!!!! _o.STAFF. Colección General |
||
| 994 |
_aC0 _bPEPRU |
||
| 596 | _a1 | ||
| 999 |
_aRC 221.008 AB _wDEWEY _c35571 _i55042 _f2021-11-8 _g5 _lCCODEBUL1 _mBUL _r1 _sY _tBOOK _u2015-6-24 _xTEOLOGIA _PP35 _0COMPRA _o.CIRCNOTE. No olvidar cambiar la fecha de devolución!!!!!!! _o.STAFF. Colección General _d35571 |
||
| 980 |
_81 _gALBERTO SANCHEZ Responsable de Automatización |
||